Русский язык как иностранный: язык экономики: учебно-методическое пособие

Dettagli Bibliografici
Autore principale: Цой Е. В. Екатерина Викторовна
Ente Autore: Национальный исследовательский Томский политехнический университет (ТПУ)
Altri autori: Курикова Н. В. Наталья Владимировна
Riassunto:Пособие подготовлено для занятий по дисциплине «Русский язык как иностранный: профессиональная сфера (технический профиль)» на продвинутом этапе обучения и представляет собой сборник текстов и упражнений, нацеленных на обучение студентов письменной речи. Содержание пособия имеет коммуникативную направленность: от пропозиций, интенций к их вербальной реализации.
Lingua:russo
Pubblicazione: Томск, Изд-во ТПУ, 2010
Soggetti:
Natura: Libro
KOHA link:https://koha.lib.tpu.ru/cgi-bin/koha/opac-detail.pl?biblionumber=192158

MARC

LEADER 00000nam0a2200000 4500
001 192158
005 20231228145723.0
035 |a (RuTPU)RU\TPU\book\209540 
090 |a 192158 
100 |a 20110218d2010 m y0rusy50 ca 
101 0 |a rus 
102 |a RU 
105 |a a j 000zy 
200 1 |a Русский язык как иностранный: язык экономики  |e учебно-методическое пособие  |f Е. В. Цой, Н. В. Курикова  |g Национальный исследовательский Томский политехнический университет (ТПУ) 
210 |a Томск  |c Изд-во ТПУ  |d 2010 
215 |a 48 с.  |c ил. 
330 |a Пособие подготовлено для занятий по дисциплине «Русский язык как иностранный: профессиональная сфера (технический профиль)» на продвинутом этапе обучения и представляет собой сборник текстов и упражнений, нацеленных на обучение студентов письменной речи. Содержание пособия имеет коммуникативную направленность: от пропозиций, интенций к их вербальной реализации. 
452 1 |0 (RuTPU)RU\TPU\book\219138  |t Русский язык как иностранный: язык экономики  |o учебно-методическое пособие  |f Е. В. Цой, Н. В. Курикова  |g Национальный исследовательский Томский политехнический университет (ТПУ)  |c Томск  |n Изд-во ТПУ  |d 2010  |a Цой, Екатерина Викторовна 
606 1 |a Русский язык  |x Для других народов  |x Учебные руководства и пособия  |2 stltpush  |3 (RuTPU)RU\TPU\subj\26400  |9 50340 
610 1 |a русский язык как иностранный 
610 1 |a письменная речь 
610 1 |a экономика 
610 1 |a грамматика 
610 1 |a текстовые задания 
610 1 |a упражнения 
610 1 |a русский язык для иностранцев 
686 |a Ш141.2-96  |2 rubbk 
700 1 |a Цой  |b Е. В.  |c лингвист  |c доцент Томского политехнического университета  |g Екатерина Викторовна  |3 (RuTPU)RU\TPU\pers\27935 
701 1 |a Курикова  |b Н. В.  |c лингвист  |c доцент Томского политехнического университета, кандидат филологических наук  |f 1975-  |g Наталья Владимировна  |3 (RuTPU)RU\TPU\pers\27936  |9 12939 
712 0 2 |a Национальный исследовательский Томский политехнический университет (ТПУ)  |c (2009- )  |3 (RuTPU)RU\TPU\col\15902 
801 1 |a RU  |b 63413507  |c 20110218 
801 2 |a RU  |b 63413507  |c 20221209  |g RCR 
942 |c BK